000 00747nam a22002535a 4500
005 20201128023700.0
008 160321s2009 ii a fr 001 0 eng d
020 _a9788174734389
020 _a8174734389
040 _aEG-ScBUE
_beng
_cEG-ScBUE
082 0 4 _a613.071
_bKUM
_222
100 1 _aKumar, N.
_92003
245 1 0 _aHealth education and community pharmacy /
_cN. Kumar.
250 _a1st ed.
260 _aDelhi :
_bA. I. T. B. S. Publishers,
_c2009.
300 _avi, 216 p. :
_biil. ;
_c22 cm.
500 _aIndex : p. [215]-216.
650 0 _aHealth education.
_2BUEsh
650 0 _aCommunity health services.
_2BUEsh
_924062
650 7 _aPharmacy.
_2BUEsh
_931987
651 _2BUEsh
653 _bPPhrm
_cMarch2016
942 _2ddc
999 _c21463
_d21435